000 00718nam a22002297a 4500
005 20251108170549.0
008 250721s1997 xx 000 0 ara d
082 1 4 _aم/ط/210.3/همش
100 1 _aالهمشري، محمد علي
245 1 0 _aالقاموس الإسلامي للناشئين و الشباب /
264 1 _aالرياض :
_bمكتبة الكعبيان،
_c1997.
300 _a12ج
650 1 7 _aالفقه الإسلامي
650 1 7 _aالعبادة
650 1 7 _aالصوات
650 1 7 _aالجهاد
650 1 7 _aالعقيدة الدينية
700 1 _aأبو الفتوح، السيد
700 1 _aموسى، علي إسماعيل
942 _2ddc
_cBK
999 _c43620
_d43620